| 000 | nam a22 7a 4500 | ||
|---|---|---|---|
| 999 |
_c30360 _d30360 |
||
| 008 | 190520b xxu||||| |||| 00| 0 eng d | ||
| 040 | _aMksu | ||
| 050 |
_aBF 503 _b.M66 2015 |
||
| 100 | _aO'Monyoncho Gilbert | ||
| 245 |
_aAre you living or existing? : _ban incisive writing that will help you see who you are,who God is and your purpose / |
||
| 260 |
_aNairobi : _bJournalist Africa publication, _c2015 |
||
| 300 |
_aiv, 133p. ; _c21cm |
||
| 650 |
_aSpiritual life _xReligion |
||
| 942 |
_2lcc _cBOOKS _hBF 503 .M66 2015 |
||